000 00209 a2200097 4500
001 10878
100 _aHall, C.
245 _aTheories of Personality
260 _a
_bJohn Wiley & Sons
_c
090 _c8452
_d8452
942 _aNUST-CAE
_cM
_c35214
999 _c245951
_d245951